Automatic detection of trolls on social networks
Uložené v:
| Hlavný autor: | |
|---|---|
| Ďalší autori: | |
| Médium: | Rukopis Kniha |
| Jazyk: | Slovak English |
| Vydavateľské údaje: |
2023
|
| Predmet: | |
| On-line prístup: | http://is.stuba.sk/zp/portal_zp.pl?podrobnosti=166370 |
| Tagy: |
Žiadne tagy, Buďte prvý, kto otaguje tento záznam!
|
MARC
| LEADER | 00000ntm a22000003a 4500 | ||
|---|---|---|---|
| 001 | stuzp92350 | ||
| 003 | SK-STU | ||
| 005 | 20230909212850.7 | ||
| 007 | ta | ||
| 008 | 150427s2015----xo-----f-mn---000-0-slo-d | ||
| 040 | |a STU |b slo | ||
| 041 | 0 | |a eng | |
| 100 | 1 | |a Izsak, Olivér |u 070200 |4 aut |U FIIT Fakulta informatiky a informačných technológií |T FIIT Ústav informatiky, informačných systémov a softvérového inžinierstva |X 112294 |U I200 |Y 179 |7 112294 | |
| 242 | 0 | 1 | |a Automatická detekcia trolov na sociálnych sieťach |y slo |
| 245 | 1 | 0 | |a Automatic detection of trolls on social networks |
| 260 | |c 2023 | ||
| 650 | 4 | |a Logistická regresia |2 slo | |
| 650 | 4 | |a Strojové učenie |2 slo | |
| 650 | 4 | |a detekcia trolov |2 slo | |
| 650 | 4 | |a Troll detection |2 eng | |
| 650 | 4 | |a Logistic Regression |2 eng | |
| 650 | 4 | |a Machine learning |2 eng | |
| 700 | 1 | |a Stupavský, Igor |u 070200 |k Z3 |4 ths |U FIIT Fakulta informatiky a informačných technológií |T FIIT Ústav informatiky, informačných systémov a softvérového inžinierstva |X 50946 |U I200 |Y 179 |7 50946 | |
| 856 | 4 | |u http://is.stuba.sk/zp/portal_zp.pl?podrobnosti=166370 | |